| 000 | 00911nam a2200277 4500 | ||
|---|---|---|---|
| 003 | EG-GICUC | ||
| 005 | 20260121101445.0 | ||
| 008 | 251209s1951 sz ||||fr|||| 00| 0 fre d | ||
| 040 |
_a EG-GICUC _bfre _c EG-GICUC _d EG-GICUC _erda |
||
| 041 | 0 | _afre | |
| 082 | 0 | 4 |
_221 _a341.48 _bUN . R |
| 092 | 0 | 4 | _221 |
| 099 | _aLaw1 11 341.48 UN . R 1951 | ||
| 110 | 1 |
_kNations Unies _eAuteur |
|
| 245 | 1 | 0 |
_aLes réfugiés dans l'après-guerre: _bRapport Preliminaire D'un Groupe D'etude Sur Le Probleme Des Refugies/ _cNations Unies . |
| 264 | 1 |
_aGeneve : _bNations Unies , _c1951 . |
|
| 300 |
_a430 Pages; _c24 cm. |
||
| 336 |
_2rda content _atext |
||
| 337 |
_2rda media _aComputer |
||
| 338 |
_2rda carrier _aOnline Resource |
||
| 546 | _aTexte en français | ||
| 650 | 1 | _aDroit international public | |
| 856 | 4 | 0 | _uhttps://fll.law.cu.edu.eg/fulltext/bks/B11-05410.pdf |
| 905 | _a59 | ||
| 942 |
_2ddc _n0 _cBK _e21 |
||
| 999 |
_c49367 _d49367 |
||